Statistics for Σημαίες χωρών που αρχίζουν με Π

Click here to take the quiz!

General Stats

  • This quiz has been taken 24 times
  • The average score is 6 of 9

Answer Stats

Answer% Correct
Πακιστάν
94%
Πολωνία
94%
Περού
88%
Πορτογαλία
75%
Παραγουάη
69%
Παναμάς
63%
Παλάου
63%
Παπουασία-Νέα Γουινέα
25%
Πράσινο Ακρωτήριο
25%

Score Distribution

Percentile by Number Answered

Percent of People with Each Score

Your Score History

You have not taken this quiz